It looks like you're offline.
Open Library logo
additional options menu

MARC record from Internet Archive

LEADER: 02766cam 22006251 4500
001 ocm00255137
003 OCoLC
005 20091218184312.0
008 730710s1961 nyu 000 0 eng
010 $a 61006194
040 $aDLC$cDLC$dWSU$dIUD$dEL$$dLVB$dBTCTA$dOCLCG$dCRU
035 $a(OCoLC)255137
050 00 $aHM146$b.G29
050 14 $aLA209.2$b.G37
082 00 $a301.15
100 1 $aGardner, John W.$q(John William),$d1912-2002.
245 10 $aExcellence, can we be equal and excellent too?
260 $aNew York,$bHarper$c[1961]
300 $a171 p.$c22 cm.
650 0 $aEquality.
650 0 $aIndividuality.
650 0 $aLeadership.
650 2 $aIndividuality.
650 2 $aLeadership.
650 4 $aIndividualidad
650 4 $aDirección
650 6 $aÉgalité (Sociologie).
650 6 $aIndividualité.
650 6 $aLeadership.
938 $aBaker and Taylor$bBTCP$n61006194
952 $a255137$zDLC$bLIBRARY OF CONGRESS$hFull; not ex.$iLCC$kDDC$u20090402
952 $a126109538$zUVV$bFASHION INST OF TECH LIBR$hFull; not ex.$iLCC$kDDC$u20070513
952 $a126526773$zSZ9XM$bSWISS NAT LIBR$hFull; not ex.$lger$u20070513
952 $a128132674$zYUS$bYALE UNIV LIBR$hOther$kDDC$u20070516
952 $a134892899$zRBN$bBROWN UNIV$hFull; not ex.$u20070524
952 $a135054254$zUBY$bBRIGHAM YOUNG UNIV LIBR$hFull$kDDC$u20090522
952 $a164155665$zDEH$bHAGLEY MUS & LIBR$hFull; not ex.$iLCC$kDDC$u20070814
952 $a176967858$zPUL$bPRINCETON UNIV$hFull$iLCC$kDDC$u20071026
952 $a183659308$zGXR$bYALE UNIV, LAW SCH LIBR$hFull$iLCC$u20071213
952 $a187887056$zPAU$bUNIV OF PENNSYLVANIA$hFull$kDDC$u20080517
952 $a214034599$zCUY$bUNIV OF CALIFORNIA, BERKELEY$hFull; not ex.$iLCC$kDDC$u20080326
952 $a223476326$zHMG$bHARVARD UNIV, EDUCATION SCH, GUTMAN LIBR$hOther$iLCC$kDDC$u20080606
952 $a231092334$zHMS$bHARVARD UNIV, MED SCH, COUNTWAY LIBR$hOther$iLCC$kDDC$u20080607
952 $a235497535$zHLS$bHARVARD UNIV, HARVARD COL LIBR$hOther$iLCC$kDDC$u20090707
952 $a253735278$zVVT$bCOLUMBIA UNIV, TEACHER'S COL$hFull$iLCC$kDDC$u20080919
952 $a272624366$zSTF$bSTANFORD UNIV LIBR$hFull$iLCC$kDDC$u20091123
952 $a434578704$zHBS$bHARVARD UNIV, BUSINESS SCH, BAKER LIBR$hLess-than-full batch$iLCC$kDDC$u20090829
952 $a471248967$zTEU$bTEMPLE UNIV$hOther$u20091129
952 $a482972022$zN15$bNEW YORK UNIV, GROUP BATCHLOAD$hFull; not ex.$kDDC$u20091212
952 $a482972101$zN15$bNEW YORK UNIV, GROUP BATCHLOAD$hFull; not ex.$kDDC$u20091212
029 1 $aNLGGC$b782983502
029 1 $aNZ1$b2825772
029 1 $aAU@$b000023889995
994 $aZ0$bPMR
948 $hNO HOLDINGS IN PMR - 1631 OTHER HOLDINGS